TE LINDE,S OPERATIVE GYNAECOLOGY (Record no. 1699)

MARC details
000 -LEADER
fixed length control field 00355nam a2200145Ia 4500
008 - FIXED-LENGTH DATA ELEMENTS--GENERAL INFORMATION
fixed length control field 150201s2008 xx 000 0 und d
082 ## - DEWEY DECIMAL CLASSIFICATION NUMBER
Classification number 618.1
Item number T08R
100 ## - MAIN ENTRY--PERSONAL NAME
Personal name ROCK, JHON A.
245 ## - TITLE STATEMENT
Title TE LINDE,S OPERATIVE GYNAECOLOGY
250 ## - EDITION STATEMENT
Edition statement 10TH
260 ## - PUBLICATION, DISTRIBUTION, ETC. (IMPRINT)
Name of publisher, distributor, etc. WOLTERS KLUWER
Place of publication, distribution, etc. INDIA
Date of publication, distribution, etc. 2008
300 ## - PHYSICAL DESCRIPTION
Extent 1-1449
650 ## - SUBJECT ADDED ENTRY--TOPICAL TERM
Topical term or geographic name as entry element GYNECOLOGY
942 ## - ADDED ENTRY ELEMENTS (KOHA)
Source of classification or shelving scheme Dewey Decimal Classification
Koha item type Books
Koha issues (borrowed), all copies 1
Holdings
Withdrawn status Lost status Source of classification or shelving scheme Damaged status Not for loan Collection code Home library Current library Shelving location Date acquired Source of acquisition Cost, normal purchase price SGTU Bill Number Total Checkouts Full call number Barcode Date last seen Date last checked out Bill Date Koha item type
    Dewey Decimal Classification     MEDICAL SGT Medical Library SGT Medical Library Reference Book 23/01/2014 ABC DELHI 3950.00 SGTU 4209 1 618.1 T08R FM5923 10/01/2025 10/01/2025 14/02/2014 Books
    Dewey Decimal Classification   Not For Loan MEDICAL SGT Medical Library SGT Medical Library Reference Book 23/01/2014 ABC DELHI 3950.00 SGTU 4209   618.1 T08R FM5924 09/02/2015   14/02/2014 Books
    Dewey Decimal Classification   Not For Loan MEDICAL SGT Medical Library SGT Medical Library Reference Book 23/01/2014 ABC DELHI 3950.00 SGTU 4209   618.1 T08R FM5925 09/02/2015   14/02/2014 Books